Statistiques concernant Jeux Pokémon par image

Cliquez ici pour prendre le quiz!

Statistiques générales

  • Ce quiz a été pris 127 fois
  • Le résultat moyen est 8 sur 15

Statistiques - réponses

Réponse% Correct
Pokémon Rouge & Bleu
100%
Pokémon GO
81%
Pokémon Platine
76%
Pokémon Soleil & Lune
73%
Pokémon Épée & Bouclier
71%
Pokémon Snap
67%
Pokémon Noir & Blanc 2
64%
Pokémon Cristal
60%
Légendes Pokémon : Arceus
49%
Pokémon Colosseum
47%
Pokémon Shuffle
37%
Pokkén Tournament DX
31%
Pokémon Trading Card Game
28%
Pokémon Donjon Mystère : Équipe de Secours Bleue & Rouge
20%
RAdar Pokémon
13%

Distribution des résultats

Percentile par nombre de réponses

% des personnes avec chaque résultat

Votre développement - résultats

Vous n’avez pas pris ce quiz